000 00443nam a2200181Ia 4500
001 8643
005 20260306160624.0
008 260306t2005||||xx |||||||||||||| ||spa||
041 _aESP
082 _a371.207
_bA48
100 _aAlvarado Oyarce, Otoniel
_eAUT
245 0 _aGestión de proyectos educativos:
_blineamientos metodológicos
260 _c2005
300 _a
_c
650 _aGEN
654 _aCED
942 _cLIB
_dJUS
_fJUS
_2ddc
_n
999 _c8643
_d8643